United States History (A-Z) Quiz Stats

 Plays Quiz Updated Jun 21, 2017

Support Sporcle.
Go Orange.
Score 0/26 Timer 06:00
3 Plays Today
Letter Answer % Correct
AAlaska
95.4%
DDelaware
93.2%
OObama
90.3%
BBlackbeard
83.7%
KKansas
83.3%
QQuakers
83.2%
GGuam
81.9%
UUtah Territory
81.8%
RRockefeller
81.7%
JJamestown
81.3%
MMalcolm X
80.7%
EEllington
80%
VVan Buren
78.9%
Letter Answer % Correct
FFlorida
77.8%
WWyoming
74.3%
HHawaii
68.4%
LLewis and Clark Expedition
66.9%
PPuerto Rico
66.8%
CChicago
66.3%
NNew Orleans
64.6%
XXerox
58.5%
SSamoa
50.3%
YYeager
40.7%
IIntolerable Acts
26.6%
ZZoot Suit riots
20.7%
TTrinity Test
15.7%

You're not logged in!

Compare scores with friends on all Sporcle quizzes.
OR
Log In
Forgot?

From the Vault

Find the Countries

by miyomiyo1050

This is more or less Sporcle's version of twenty questions.
Remove Ads.
Support Sporcle.
Get the best of Sporcle when you Go Orange. This ad-free experience offers more features, more stats, and more fun while also helping to support Sporcle. Thank you for becoming a member.

Show Comments

Extras

Top Quizzes Today


Score Distribution

Your Account Isn't Verified!

In order to create a playlist on Sporcle, you need to verify the email address you used during registration. Go to your Sporcle Settings to finish the process.

Report this User

Report this user for behavior that violates our Community Guidelines.

Details: